[Event "2BLW 2122 SC Hansa Dortmund - SC Heimba"]
[Site "?"]
[Date "2022.06.19"]
[Round "8.3"]
[White "Winterberg, Lukas"]
[Black "Scholz, Christian"]
[Result "1-0"]
[WhiteElo "2387"]
[BlackElo "2361"]
[PlyCount "105"]
[EventDate "2022.??.??"]

1. d4 Nf6 2. Nf3 g6 3. c4 Bg7 4. Nc3 d6 5. e4 O-O 6. Be2 e5 7. O-O Nc6 8. d5
Ne7 9. Bg5 h6 10. Bd2 Nh5 11. Re1 f5 12. Nh4 Nf4 13. Bxf4 exf4 14. exf5 g5 15.
Ng6 Rxf5 16. Bh5 Nxg6 17. Bxg6 Re5 18. Qh5 Rxe1+ 19. Rxe1 Bd7 20. Ne4 Kf8 21.
Kf1 a5 22. g4 fxg3 23. Re3 gxh2 24. Rf3+ Kg8 25. Rf7 Be8 26. Nf6+ Qxf6 27. Rxf6
Bxf6 28. Bxe8 h1=Q+ 29. Qxh1 Rxe8 30. Qxh6 Bd8 31. Qg6+ Kf8 32. Qf5+ Kg8 33.
Qd7 Rf8 34. b3 b6 35. Kg2 Bf6 36. Qxc7 Bd4 37. Qxd6 Rxf2+ 38. Kg3 Rxa2 39. Qg6+
Kf8 40. Qf5+ Kg7 41. Qxg5+ Kf7 42. Qf4+ Bf6 43. Qc7+ Kg6 44. Qxb6 Ra3 45. Kf4
a4 46. bxa4 Rxa4 47. Qb5 Ra1 48. c5 Kf7 49. Kf5 Re1 50. Qd7+ Re7 51. Qe6+ Rxe6
52. dxe6+ Ke7 53. c6 1-0

[Event "2BLW 2122 SC Hansa Dortmund - SC Heimba"]
[Site "?"]
[Date "2022.06.19"]
[Round "8.4"]
[White "Sundorf, Jannik"]
[Black "Schulz, Klaus-Juergen"]
[Result "0-1"]
[WhiteElo "2200"]
[BlackElo "2330"]
[PlyCount "114"]
[EventDate "2022.??.??"]

1. d4 d5 2. c4 dxc4 3. Nf3 Nf6 4. e3 e6 5. Bxc4 c5 6. O-O a6 7. a4 Nc6 8. Qe2
Qc7 9. Nc3 Bd6 10. Rd1 O-O 11. h3 h6 12. dxc5 Bxc5 13. e4 Nh5 14. Be3 Nf4 15.
Qd2 Bxe3 16. Qxe3 Ng6 17. Ba2 Bd7 18. Rac1 Rfd8 19. Nd4 Qb6 20. Nc2 Qxe3 21.
Nxe3 Nb4 22. Bb3 Bc6 23. Nc4 Nd3 24. Rb1 Ngf4 25. Na5 Rd4 26. Bc2 Rad8 27. Nb3
R4d7 28. Bxd3 Nxd3 29. f3 b6 30. Kf1 f5 31. exf5 exf5 32. Rd2 Kf7 33. Re1 Kf6
34. Ne2 Nb4 35. Rxd7 Rxd7 36. Nbd4 Bd5 37. Rc1 g5 38. Rc3 f4 39. Kf2 Ke5 40.
Nc2 Nxc2 41. Rxc2 Bb3 42. Rc6 Rd6 43. Rxd6 Kxd6 44. Nd4 Bxa4 45. Nf5+ Ke6 46.
Nxh6 a5 47. Ke2 b5 48. Ng4 b4 49. Nf2 Bc2 50. Kd2 Bf5 51. b3 Ke5 52. Nd1 Be6
53. Kc2 Kd4 54. Kb2 Bf5 55. Kc1 Kd3 56. Nb2+ Kc3 57. Nc4 a4 0-1

[Event "2BLW 2122 SC Hansa Dortmund - SC Heimba"]
[Site "?"]
[Date "2022.06.19"]
[Round "8.5"]
[White "Ronge, Tim"]
[Black "Krueger, Simon"]
[Result "0-1"]
[WhiteElo "2245"]
[BlackElo "1994"]
[PlyCount "70"]
[EventDate "2022.??.??"]

1. e4 c5 2. Nf3 Nc6 3. Bb5 g6 4. O-O Bg7 5. c3 e5 6. d4 exd4 7. cxd4 Nxd4 8.
Nxd4 cxd4 9. e5 Ne7 10. Qxd4 O-O 11. Re1 a6 12. Ba4 Nc6 13. Bxc6 dxc6 14. Qc5
Re8 15. Nc3 Bf5 16. Bf4 Qe7 17. Qe3 f6 18. Re2 fxe5 19. Rae1 Qf8 20. Bg5 h6 21.
Bh4 Kh7 22. Qb6 Qf7 23. h3 Rac8 24. g4 Bd3 25. Re3 e4 26. Nxe4 Bxe4 27. Rxe4
Rxe4 28. Rxe4 Rc7 29. b3 Rd7 30. Qe3 Qd5 31. Bg3 Rf7 32. Re8 c5 33. Rc8 Rf3 34.
Qe7 Rd3 35. f4 Rxg3+ 0-1

[Event "2BLW 2122 SC Hansa Dortmund - SC Heimba"]
[Site "?"]
[Date "2022.06.19"]
[Round "8.8"]
[White "Werner, Patrick"]
[Black "Fink, Christian"]
[Result "0-1"]
[WhiteElo "1887"]
[BlackElo "2135"]
[PlyCount "92"]
[EventDate "2022.??.??"]

1. Nf3 g6 2. d4 Bg7 3. c4 Nf6 4. Nc3 O-O 5. e4 d6 6. Be2 e5 7. dxe5 dxe5 8.
Qxd8 Rxd8 9. Bg5 Re8 10. Nd5 Nxd5 11. cxd5 Bf8 12. Nd2 Nd7 13. f3 Bc5 14. Rc1
a6 15. Nc4 b6 16. Be3 a5 17. Bxc5 Nxc5 18. Na3 f5 19. Nb5 Re7 20. Bc4 Kg7 21.
a3 Ba6 22. b4 axb4 23. axb4 Bxb5 24. Bxb5 Nb3 25. Rb1 Nd4 26. Bc4 fxe4 27. fxe4
b5 28. Be2 Ra3 29. Kd1 Re3 30. Re1 Rxe4 31. Bd3 Rf4 32. Be4 Rf2 33. h3 Rd7 34.
Re3 c6 35. Ke1 Rdf7 36. dxc6 Rf1+ 37. Kd2 R7f2+ 38. Kc3 Rxb1 39. Bxb1 Nxc6 40.
Be4 Nd4 41. g4 Rh2 42. Bd3 Kf6 43. g5+ Ke6 44. Be4 Ne2+ 45. Kd3 Nf4+ 46. Kc3
Kd6 0-1

[Event "2BLW 2122 SG Solingen II - SV Koblenz"]
[Site "?"]
[Date "2022.06.19"]
[Round "8.1"]
[White "Sulskis, Sarunas"]
[Black "Krastev, Alexander"]
[Result "0-1"]
[WhiteElo "2487"]
[BlackElo "2432"]
[PlyCount "68"]
[EventDate "2022.??.??"]

1. e4 c5 2. Nf3 Nc6 3. Nc3 e6 4. d4 cxd4 5. Nxd4 Nf6 6. Bf4 Bb4 7. Ndb5 Nxe4 8.
Qf3 d5 9. Nc7+ Kf8 10. Nxa8 e5 11. Bd2 Nd4 12. Qd1 Qh4 13. g3 Qf6 14. Nxe4 Nf3+
15. Qxf3 Qxf3 16. Bxb4+ Kg8 17. Nd6 Qxh1 18. O-O-O Be6 19. Nc7 Qxh2 20. Nxd5
Bxd5 21. Ne4 f5 22. Rxd5 fxe4 23. Rd8+ Kf7 24. Bc4+ Kg6 25. Rd6+ Kf5 26. Bc5
Qh1+ 27. Kd2 Re8 28. Be3 Re7 29. a4 Kg4 30. Bxa7 b5 31. Be2+ Kh3 32. Be3 bxa4
33. Bd1 Rb7 34. Kc3 Qe1+ 0-1

[Event "2BLW 2122 SG Solingen II - SV Koblenz"]
[Site "?"]
[Date "2022.06.19"]
[Round "8.2"]
[White "Roseneck, Jonas"]
[Black "Wiedenkeller, Michael"]
[Result "0-1"]
[WhiteElo "2392"]
[BlackElo "2430"]
[PlyCount "58"]
[EventDate "2022.??.??"]

1. d4 d5 2. c4 dxc4 3. Nf3 Nf6 4. e3 e6 5. Bxc4 c5 6. O-O a6 7. Bb3 Be7 8. Qe2
Nc6 9. Rd1 Qc7 10. Nc3 O-O 11. h3 Rd8 12. d5 exd5 13. Bxd5 Nb4 14. e4 Nfxd5 15.
exd5 Bf5 16. Be3 Bf6 17. a3 Bxc3 18. axb4 Bxb4 19. Rac1 Rac8 20. Bg5 f6 21. Bh4
Qf7 22. Qc4 b5 23. Qb3 Be4 24. Qa2 a5 25. b3 Bxd5 26. Qe2 c4 27. Ne5 fxe5 28.
Bxd8 Rxd8 29. Qxe5 Re8 0-1

[Event "2BLW 2122 SG Solingen II - SV Koblenz"]
[Site "?"]
[Date "2022.06.19"]
[Round "8.3"]
[White "Schenderowitsch, Michael"]
[Black "Halvax, Georg"]
[Result "0-1"]
[WhiteElo "2307"]
[BlackElo "2416"]
[PlyCount "116"]
[EventDate "2022.??.??"]

1. d4 d5 2. c4 e6 3. Nc3 Nf6 4. cxd5 exd5 5. Bg5 c6 6. e3 Be7 7. Bd3 Nbd7 8. h3
Nf8 9. Qc2 Ne6 10. Bh4 g6 11. Nf3 O-O 12. O-O Nh5 13. Bxe7 Qxe7 14. Rfe1 Ng5
15. Nxg5 Qxg5 16. f4 Qg3 17. Qf2 Re8 18. Qxg3 Nxg3 19. Kf2 Bf5 20. Ba6 Ne4+ 21.
Nxe4 Bxe4 22. Bxb7 Rab8 23. Bxc6 Rxb2+ 24. Re2 Rxe2+ 25. Kxe2 Rb8 26. Rd1 Bxg2
27. Rd2 Rb1 28. Rc2 Be4 29. Rc5 Rb2+ 30. Ke1 Rh2 31. Bxd5 Rxh3 32. Kf2 Rh2+ 33.
Kg3 Rg2+ 34. Kh3 Re2 35. Bxe4 Rxe3+ 36. Kg4 Rxe4 37. Rd5 Re3 38. Ra5 Rd3 39.
Rxa7 Rxd4 40. Kf3 h5 41. a4 Kg7 42. Ra6 Rb4 43. Ra7 Rb3+ 44. Kg2 Kf6 45. Ra5 h4
46. Rb5 Rxb5 47. axb5 Ke7 48. Kh3 f6 49. Kxh4 Kd6 50. Kg4 Kc5 51. f5 g5 52. Kh5
Kxb5 53. Kg6 g4 54. Kxf6 g3 55. Ke7 g2 56. f6 g1=Q 57. f7 Qg7 58. Ke8 Kc6 0-1

[Event "2BLW 2122 SG Solingen II - SV Koblenz"]
[Site "?"]
[Date "2022.06.19"]
[Round "8.4"]
[White "Schaefer, Markus"]
[Black "Fritsche, Lutz"]
[Result "1/2-1/2"]
[WhiteElo "2360"]
[BlackElo "2310"]
[PlyCount "42"]
[EventDate "2022.??.??"]

1. e4 e5 2. Nf3 Nc6 3. Bb5 a6 4. Ba4 Nf6 5. O-O Be7 6. d4 b5 7. dxe5 Nxe4 8.
Bb3 Nc5 9. Bd5 Bb7 10. Nc3 O-O 11. Ne4 Nxe4 12. Bxe4 d6 13. Bf4 Qd7 14. exd6
cxd6 15. Re1 Rad8 16. c3 Bf6 17. Bc2 d5 18. Nd4 g6 19. Qd2 Na5 20. Rad1 Nc4 21.
Qc1 Rc8 1/2-1/2

[Event "2BLW 2122 SG Solingen II - SV Koblenz"]
[Site "?"]
[Date "2022.06.19"]
[Round "8.5"]
[White "Hammes, Michael"]
[Black "Berg, Michael"]
[Result "1/2-1/2"]
[WhiteElo "2328"]
[BlackElo "2290"]
[PlyCount "24"]
[EventDate "2022.??.??"]

1. d4 Nf6 2. c4 c5 3. d5 b5 4. Qc2 bxc4 5. e4 d6 6. Bxc4 g6 7. Nf3 Bg7 8. h3
O-O 9. O-O Ba6 10. Nbd2 Nfd7 11. Rb1 Nb6 12. b3 Nxc4 1/2-1/2

[Event "2BLW 2122 SG Solingen II - SV Koblenz"]
[Site "?"]
[Date "2022.06.19"]
[Round "8.6"]
[White "Michalczak, Thomas"]
[Black "Repplinger, Marc"]
[Result "1-0"]
[WhiteElo "2258"]
[BlackElo "2217"]
[PlyCount "157"]
[EventDate "2022.??.??"]

1. e4 c5 2. Nf3 d6 3. d4 cxd4 4. Nxd4 Nf6 5. Nc3 g6 6. Be3 Bg7 7. f3 Nc6 8. Qd2
O-O 9. O-O-O Nxd4 10. Bxd4 Be6 11. Kb1 Qc7 12. Nb5 Qb8 13. g4 Rc8 14. h4 a6 15.
Nc3 Qc7 16. h5 Qa5 17. a3 b5 18. hxg6 hxg6 19. Qg5 Qc7 20. Rd2 b4 21. axb4 Qb7
22. b5 axb5 23. Qxb5 Qxb5 24. Bxb5 Rxc3 25. Bxc3 Ba2+ 26. Kc1 Bc4 27. Ba4 Rxa4
28. b3 Ra2 29. bxc4 Nxe4 30. Bxg7 Kxg7 31. Rdh2 Ra1+ 32. Kb2 Rxh1 33. Rxh1 Nd2
34. c5 dxc5 35. Rh3 Nc4+ 36. Kb3 Nd6 37. f4 f6 38. Rc3 Ne4 39. Re3 f5 40. gxf5
gxf5 41. Kc4 Kf6 42. Ra3 e6 43. Ra7 Kg6 44. Re7 Kf6 45. Rc7 Kg6 46. Rxc5 Nxc5
47. Kxc5 e5 48. fxe5 f4 49. e6 f3 50. Kd6 f2 51. e7 f1=Q 52. e8=Q+ Kg7 53. Qe5+
Kh7 54. Qe4+ Kg7 55. c4 Qf6+ 56. Qe6 Qd4+ 57. Kc6 Qb2 58. c5 Qa3 59. Kd6 Qb4
60. Kc6 Qa3 61. Qe5+ Kh7 62. Kd7 Qa5 63. Qe4+ Kg7 64. c6 Qb5 65. Qd4+ Kh7 66.
Kd6 Qa6 67. Qe4+ Kg7 68. Qg2+ Kh7 69. Qh2+ Kg6 70. Qc2+ Kh6 71. Kd7 Qb5 72. Qe4
Kg7 73. Kd6 Qb6 74. Qe5+ Kh7 75. Kd7 Qa7+ 76. c7 Qa4+ 77. Kd8 Qd1+ 78. Ke7 Qc2
79. Qh5+ 1-0

[Event "2BLW 2122 SG Solingen II - SV Koblenz"]
[Site "?"]
[Date "2022.06.19"]
[Round "8.7"]
[White "Stewart, Neil"]
[Black "Kniest, Oliver"]
[Result "0-1"]
[WhiteElo "2243"]
[BlackElo "2259"]
[PlyCount "106"]
[EventDate "2022.??.??"]

1. d4 d5 2. c4 e6 3. Nf3 Nf6 4. g3 dxc4 5. Bg2 c5 6. O-O Nc6 7. dxc5 Qxd1 8.
Rxd1 Bxc5 9. Nbd2 c3 10. bxc3 O-O 11. Nb3 Be7 12. c4 Bd7 13. Bb2 Rfc8 14. Bxf6
Bxf6 15. Rxd7 Bxa1 16. Nxa1 Rd8 17. Rxd8+ Rxd8 18. Nc2 Rd1+ 19. Nfe1 Nd4 20.
Nxd4 Rxe1+ 21. Bf1 Ra1 22. c5 Rxa2 23. f4 a5 24. Bg2 Rb2 25. c6 bxc6 26. Bxc6
Rb4 27. Nf3 a4 28. Bxa4 Rxa4 29. Kf2 f6 30. h4 Kf7 31. Ne1 e5 32. fxe5 fxe5 33.
Nc2 Kf6 34. Ne3 e4 35. Ng4+ Kf5 36. Ne3+ Ke5 37. Ng4+ Kd4 38. Ne3 Ra7 39. Nf5+
Ke5 40. Ne3 Rf7+ 41. Ke1 h5 42. Nc2 Rf6 43. Ne3 Rc6 44. Kf2 Rc1 45. Ng2 g6 46.
Nf4 Rc6 47. Ke3 Kf5 48. Kf2 Kg4 49. Kg2 Rc3 50. Nxg6 Rxg3+ 51. Kf2 e3+ 52. Kf1
Kh3 53. Nf4+ Kh2 0-1

[Event "2BLW 2122 SG Solingen II - SV Koblenz"]
[Site "?"]
[Date "2022.06.19"]
[Round "8.8"]
[White "Wickenfeld, Stefan"]
[Black "Steinacker, Alex"]
[Result "1/2-1/2"]
[WhiteElo "2181"]
[BlackElo "2300"]
[PlyCount "101"]
[EventDate "2022.??.??"]

1. d4 Nf6 2. Nf3 g6 3. g3 Bg7 4. Bg2 O-O 5. O-O d6 6. b3 b5 7. a4 b4 8. c3 bxc3
9. Nxc3 Bb7 10. b4 Nbd7 11. Rb1 Ne4 12. Bb2 c5 13. bxc5 dxc5 14. Ba1 Nxc3 15.
Bxc3 Be4 16. Rc1 c4 17. Ne5 Bxg2 18. Kxg2 Nxe5 19. dxe5 Qc7 20. Qd5 Rfd8 21.
Qe4 Rac8 22. Rfd1 Qc5 23. Rxd8+ Rxd8 24. Rb1 a6 25. Rb7 h5 26. Bb4 Qxe5 27.
Qxe5 Bxe5 28. Rxe7 Rb8 29. Rxe5 Rxb4 30. Ra5 c3 31. Rc5 Rxa4 32. Rxc3 Re4 33.
Ra3 Re6 34. e4 g5 35. Ra5 f6 36. Kf3 Kf7 37. Ke3 Rb6 38. f4 gxf4+ 39. Kxf4 Kg6
40. h3 Re6 41. g4 hxg4 42. hxg4 Rb6 43. g5 fxg5+ 44. Rxg5+ Kf7 45. Rf5+ Rf6 46.
Ke5 Rxf5+ 47. exf5 a5 48. Kd4 Kf6 49. Kc4 Kxf5 50. Kb5 a4 51. Kxa4 1/2-1/2

[Event "2BLW 2122 SG Porz - SC Remagen Sinzig"]
[Site "?"]
[Date "2022.06.19"]
[Round "8.1"]
[White "Cyborowski, Lukasz"]
[Black "Lutz, Christopher"]
[Result "1/2-1/2"]
[WhiteElo "2484"]
[BlackElo "2533"]
[PlyCount "43"]
[EventDate "2022.??.??"]

1. Nf3 Nf6 2. c4 e6 3. g3 d5 4. Bg2 d4 5. O-O c5 6. d3 Nc6 7. e3 Bd6 8. exd4
cxd4 9. Bg5 h6 10. Bxf6 Qxf6 11. Nbd2 Qd8 12. a3 a5 13. Rc1 O-O 14. Re1 Bd7 15.
c5 Be7 16. Nb3 Bf6 17. Rc4 e5 18. Nbd2 Rb8 19. Ne4 Be7 20. Ned2 Bf6 21. Ne4 Be7
22. Ned2 1/2-1/2

[Event "2BLW 2122 SG Porz - SC Remagen Sinzig"]
[Site "?"]
[Date "2022.06.19"]
[Round "8.2"]
[White "Xu, Xianliang"]
[Black "Dgebuadze, Alexandre"]
[Result "1-0"]
[WhiteElo "2439"]
[BlackElo "2463"]
[PlyCount "77"]
[EventDate "2022.??.??"]

1. e4 e6 2. Nf3 d5 3. Nc3 Nf6 4. e5 Nfd7 5. d4 c5 6. dxc5 Nc6 7. Bf4 a6 8. Na4
h6 9. Be3 Rb8 10. Be2 Be7 11. c3 Qc7 12. Qd2 Ncxe5 13. Nxe5 Nxe5 14. b4 Ng6 15.
O-O O-O 16. Nb6 Bd7 17. a4 Rbd8 18. f4 Bc6 19. Bd4 e5 20. fxe5 Bg5 21. Qa2 Nxe5
22. b5 Bd7 23. Nxd5 Qb8 24. c4 Be6 25. Kh1 Rfe8 26. Rad1 axb5 27. axb5 Rd7 28.
h3 Red8 29. Bg1 Be7 30. Bf3 Bf8 31. Qe2 Nxf3 32. Qxf3 Qe5 33. c6 bxc6 34. bxc6
Bxd5 35. cxd5 Re7 36. Bh2 Qg5 37. d6 Re3 38. Qxf7+ Kh7 39. Bf4 1-0

[Event "2BLW 2122 SG Porz - SC Remagen Sinzig"]
[Site "?"]
[Date "2022.06.19"]
[Round "8.3"]
[White "Jaracz, Pawel"]
[Black "Rotstein, Arkadij"]
[Result "1/2-1/2"]
[WhiteElo "2467"]
[BlackElo "2461"]
[PlyCount "38"]
[EventDate "2022.??.??"]

1. e4 c5 2. Nf3 e6 3. d4 cxd4 4. Nxd4 a6 5. Bd3 Nf6 6. O-O Qc7 7. Qe2 d6 8. c4
Nc6 9. Nxc6 bxc6 10. Nc3 Be7 11. f4 e5 12. Na4 O-O 13. Kh1 Qa5 14. Bc2 Bg4 15.
Qf2 Be6 16. Bd2 Qc7 17. b3 exf4 18. Bxf4 Qa5 19. Rad1 Rad8 1/2-1/2

[Event "2BLW 2122 SG Porz - SC Remagen Sinzig"]
[Site "?"]
[Date "2022.06.19"]
[Round "8.4"]
[White "Suvorov, Alexander"]
[Black "Geirnaert, Steven"]
[Result "1-0"]
[WhiteElo "2348"]
[BlackElo "2402"]
[PlyCount "49"]
[EventDate "2022.??.??"]

1. d4 Nf6 2. c4 e6 3. Nf3 d5 4. Nc3 Be7 5. Bf4 O-O 6. e3 c5 7. dxc5 Bxc5 8. a3
Nc6 9. Qc2 Qa5 10. Rd1 Re8 11. Nd2 e5 12. Bg5 Nd4 13. Qb1 Bf5 14. Bd3 e4 15.
Bf1 Bg6 16. Bxf6 Nf3+ 17. gxf3 exf3 18. Bd3 Bxe3 19. O-O Bxd2 20. Bh4 Bxc3 21.
Bxg6 hxg6 22. bxc3 dxc4 23. Qxb7 Qh5 24. Bg3 Rf8 25. Qd5 1-0

[Event "2BLW 2122 SG Porz - SC Remagen Sinzig"]
[Site "?"]
[Date "2022.06.19"]
[Round "8.5"]
[White "Polaczek, Richard"]
[Black "Korotkjevich, Stanislav"]
[Result "0-1"]
[WhiteElo "2357"]
[BlackElo "2350"]
[PlyCount "72"]
[EventDate "2022.??.??"]

1. d4 d6 2. Nf3 Bg4 3. Nbd2 g6 4. e4 Bg7 5. c3 Nf6 6. Qb3 Bxf3 7. Nxf3 Qc8 8.
e5 dxe5 9. Nxe5 e6 10. g3 O-O 11. Bg2 c6 12. O-O Nbd7 13. Nd3 Re8 14. Bf4 Nd5
15. Bd6 Ne7 16. Rad1 Nf5 17. Bf4 Nf6 18. Be5 Re7 19. Rfe1 Qe8 20. c4 Rd8 21.
Qc3 Nd7 22. Bxg7 Nxg7 23. d5 cxd5 24. cxd5 exd5 25. Qa3 Ne6 26. Nf4 Nf6 27.
Nxd5 Nxd5 28. Rxd5 Rxd5 29. Bxd5 b6 30. Qd6 Kg7 31. h4 h5 32. Qe5+ Kh7 33. Qf6
Qd7 34. Re5 Re8 35. Bc4 Qe7 36. Qf3 Nd4 0-1

[Event "2BLW 2122 SG Porz - SC Remagen Sinzig"]
[Site "?"]
[Date "2022.06.19"]
[Round "8.6"]
[White "Suvorov, Luca"]
[Black "Mainka, Romuald"]
[Result "1-0"]
[WhiteElo "2296"]
[BlackElo "2376"]
[PlyCount "75"]
[EventDate "2022.??.??"]

1. d4 Nf6 2. c4 e6 3. Nc3 Bb4 4. e3 O-O 5. Nge2 c6 6. a3 Ba5 7. Qc2 d5 8. Ng3
Bc7 9. Be2 dxc4 10. Bxc4 e5 11. dxe5 Bxe5 12. O-O Re8 13. Nce2 Nbd7 14. Bd2 a5
15. Rad1 b5 16. Ba2 Qb6 17. e4 c5 18. Kh1 Bb7 19. Be3 Rac8 20. f4 Bb8 21. e5
Qc6 22. Nc3 Ng4 23. Bg1 c4 24. Bb1 g6 25. Qe2 f5 26. Nxf5 gxf5 27. Bxf5 Ngf6
28. Rf3 Nxe5 29. fxe5 Rxe5 30. Bxc8 Rxe2 31. Bxb7 Qxb7 32. Nxe2 Be5 33. Rdf1
Kg7 34. Bd4 Bxd4 35. Nxd4 Ne4 36. Ne6+ Kg6 37. Rf8 b4 38. Rg8+ 1-0

[Event "2BLW 2122 SG Porz - SC Remagen Sinzig"]
[Site "?"]
[Date "2022.06.19"]
[Round "8.7"]
[White "Huhndorf, Arnold"]
[Black "Braun, Christian"]
[Result "0-1"]
[WhiteElo "2186"]
[BlackElo "2428"]
[PlyCount "220"]
[EventDate "2022.??.??"]

1. d4 g6 2. c4 Bg7 3. Nc3 d6 4. e4 Nc6 5. d5 Nd4 6. Be3 e5 7. dxe6 Nxe6 8. Qd2
Ne7 9. h4 h5 10. Nh3 Nc6 11. Ng5 Ncd4 12. Nxe6 Nxe6 13. O-O-O O-O 14. f3 c5 15.
g4 hxg4 16. fxg4 Nd4 17. Be2 Qa5 18. h5 Be6 19. hxg6 fxg6 20. Bh6 Nxe2+ 21.
Qxe2 Bxc3 22. bxc3 Qxc3+ 23. Qc2 Qxc2+ 24. Kxc2 Rf2+ 25. Kc3 Rf3+ 26. Kb2 Rf2+
27. Kc3 Rxa2 28. Rxd6 Re8 29. e5 Ra4 30. Bg5 Rxc4+ 31. Kd3 Rd4+ 32. Rxd4 cxd4
33. Bf6 Bxg4 34. Rh8+ Kf7 35. Rh7+ Ke6 36. Rxb7 Ra8 37. Kxd4 a5 38. Ke4 Bf5+
39. Kd4 Bh3 40. Rh7 Bg4 41. Ke4 Bf5+ 42. Kd4 Bc2 43. Rc7 Bb3 44. Ke4 Bd5+ 45.
Kf4 Ba2 46. Re7+ Kd5 47. Rd7+ Kc6 48. Rg7 a4 49. Rxg6 a3 50. e6 Bxe6 51. Rg1 a2
52. Ra1 Bb3 53. Ke3 Kb5 54. Kd2 Rc8 55. Rc1 Rf8 56. Ba1 Kb4 57. Ke3 Bc4 58.
Bc3+ Kb3 59. Ba1 Re8+ 60. Kd4 Rd8+ 61. Kc5 Rd5+ 62. Kc6 Rf5 63. Bd4 Rh5 64. Ba1
Bg8 65. Bg7 Ka3 66. Rc3+ Bb3 67. Rc1 Rg5 68. Bd4 Ba4+ 69. Kd6 Rb5 70. Ra1 Bc2
71. Rc1 Bb1 72. Rc3+ Kb4 73. Rc1 Be4 74. Bh8 Rd5+ 75. Ke6 Rd3 76. Be5 Rb3 77.
Rc7 Rb1 78. Ra7 Bc2 79. Rb7+ Ka3 80. Bd6+ Ka4 81. Ra7+ Kb5 82. Be5 Ba4 83. Bc3
a1=Q 84. Bxa1 Rxa1 85. Rc7 Bb3+ 86. Kd6 Rd1+ 87. Ke5 Bd5 88. Rc2 Bc4 89. Rb2+
Kc5 90. Rb8 Re1+ 91. Kf4 Kd4 92. Rb4 Rf1+ 93. Kg5 Kd5 94. Rb8 Ke5 95. Kg4 Bd5
96. Kg3 Rf3+ 97. Kg4 Rd3 98. Rb5 Rd2 99. Ra5 Rg2+ 100. Kh3 Rg8 101. Kh4 Rg1
102. Kh3 Ke4 103. Ra4+ Ke3 104. Kh4 Be4 105. Ra3+ Kf4 106. Rc3 Ra1 107. Rg3
Rh1+ 108. Rh3 Rg1 109. Rc3 Rg4+ 110. Kh5 Rg7 0-1

[Event "2BLW 2122 SG Porz - SC Remagen Sinzig"]
[Site "?"]
[Date "2022.06.19"]
[Round "8.8"]
[White "Pauly, Carlo"]
[Black "Froembgen, Wolfgang"]
[Result "1-0"]
[WhiteElo "2305"]
[BlackElo "1976"]
[PlyCount "95"]
[EventDate "2022.??.??"]

1. d4 Nf6 2. c4 e6 3. Nc3 d5 4. Nf3 Be7 5. Bf4 O-O 6. e3 a6 7. c5 Nh5 8. Bd3 f5
9. Be5 Nc6 10. h3 Nxe5 11. Nxe5 Nf6 12. g4 Ne4 13. gxf5 Nxc3 14. bxc3 exf5 15.
f4 Be6 16. Qe2 Bf6 17. Kd2 Bxe5 18. fxe5 Qh4 19. Raf1 f4 20. exf4 Rxf4 21. Rxf4
Qxf4+ 22. Qe3 Rf8 23. Qxf4 Rxf4 24. Ke3 Rh4 25. c6 b5 26. Bf1 g5 27. Bg2 Kf8
28. Rf1+ Ke7 29. Rf6 Bf7 30. a3 Be6 31. Kf2 Bf7 32. Rf5 h6 33. Rf6 Be6 34. Bf3
Bf7 35. Bg2 Rf4+ 36. Rxf4 gxf4 37. Kf3 Be8 38. Kxf4 Bxc6 39. Kf5 Bd7+ 40. Kg6
c5 41. dxc5 Ke6 42. Kxh6 Kxe5 43. Kg5 Bf5 44. h4 Be4 45. Bh3 a5 46. h5 a4 47.
h6 Bh7 48. c6 1-0

[Event "2BLW 2122 SK Münster - SF Neuberg"]
[Site "?"]
[Date "2022.06.19"]
[Round "8.1"]
[White "Lubbe, Nikolas"]
[Black "Holtel, Jasper"]
[Result "1-0"]
[WhiteElo "2454"]
[BlackElo "2352"]
[PlyCount "125"]
[EventDate "2022.??.??"]

1. d4 Nf6 2. Nf3 g6 3. c4 Bg7 4. e3 O-O 5. Be2 c5 6. d5 e6 7. Nc3 exd5 8. cxd5
d6 9. O-O Bg4 10. h3 Bxf3 11. Bxf3 Na6 12. Bd2 Nc7 13. a4 b6 14. Rb1 a6 15. b4
Rb8 16. e4 Re8 17. Bg5 cxb4 18. Rxb4 b5 19. axb5 Nxb5 20. Nxb5 Rxb5 21. Ra4 h6
22. Be3 a5 23. Qd3 Rb4 24. Rxb4 axb4 25. Rb1 Qa5 26. Qc4 b3 27. Rxb3 Qa1+ 28.
Kh2 Nxe4 29. g3 Ng5 30. Bg2 Qa2 31. Qd3 Nh7 32. Rb6 Rd8 33. Qb5 Qa8 34. Qc6 Bf8
35. Rb7 Qc8 36. Bb6 Re8 37. Rc7 Qa8 38. Qd7 Be7 39. Ra7 Qb8 40. Rb7 Qa8 41. Bd4
Qd8 42. Qb5 Qc8 43. Ba7 Qa8 44. Bb8 Nf6 45. Qb2 Bf8 46. Ba7 Bg7 47. Qb5 Rf8 48.
Bb8 Qa3 49. Ra7 Qc5 50. Qxc5 dxc5 51. Bc7 Ne8 52. Bb6 Bd4 53. f4 Nd6 54. Rc7
Rc8 55. Rd7 Nf5 56. d6 c4 57. Bxd4 Nxd4 58. Bd5 Ne6 59. Re7 Kf8 60. Bxe6 fxe6
61. Rh7 Rc6 62. Rh8+ Kf7 63. d7 1-0

[Event "2BLW 2122 SK Münster - SF Neuberg"]
[Site "?"]
[Date "2022.06.19"]
[Round "8.2"]
[White "Muschik, Benedikt"]
[Black "Lubbe, Melanie"]
[Result "0-1"]
[WhiteElo "2341"]
[BlackElo "2354"]
[PlyCount "62"]
[EventDate "2022.??.??"]

1. d4 d5 2. Bf4 Nf6 3. e3 e6 4. Nf3 Bd6 5. Bg3 O-O 6. Bd3 b6 7. Qe2 c5 8. c3
Ne4 9. Nbd2 Bb7 10. Rd1 Nxg3 11. hxg3 f5 12. g4 g6 13. gxf5 exf5 14. Ne5 Nc6
15. f4 Nxe5 16. dxe5 Be7 17. Nf3 Qc7 18. Kf2 Rad8 19. Rh3 Qc6 20. Rdh1 Rf7 21.
Rg3 Qe6 22. Rh6 Rg7 23. Ng5 Bxg5 24. Rxg5 Qd7 25. Bb5 Qe7 26. g4 fxg4 27. Rxg4
Bc8 28. Rg5 Be6 29. Rh1 d4 30. Rd1 Rf7 31. Bd3 Qxg5 0-1

[Event "2BLW 2122 SK Münster - SF Neuberg"]
[Site "?"]
[Date "2022.06.19"]
[Round "8.3"]
[White "Bethke, Richard"]
[Black "Wolter, Kai"]
[Result "1-0"]
[WhiteElo "2366"]
[BlackElo "2278"]
[PlyCount "101"]
[EventDate "2022.??.??"]

1. e4 c5 2. Nf3 e6 3. d4 cxd4 4. Nxd4 Nc6 5. Nc3 Qc7 6. Be2 a6 7. O-O Nf6 8.
Be3 Bb4 9. Na4 Be7 10. Nxc6 bxc6 11. Nb6 Rb8 12. Nxc8 Qxc8 13. Bd4 c5 14. Be5
Rb6 15. b3 d6 16. Bb2 O-O 17. Qd3 d5 18. exd5 Nxd5 19. Rad1 Bf6 20. Bxf6 Nxf6
21. Bf3 Qc7 22. Rd2 a5 23. g3 h6 24. Qc3 Rbb8 25. Rfd1 Rfc8 26. Qc4 Kf8 27. Qa6
Ke7 28. h4 Rd8 29. Kf1 Rxd2 30. Rxd2 g5 31. hxg5 hxg5 32. Rd3 Rd8 33. Rxd8 Kxd8
34. Qd3+ Nd7 35. Qe3 Qe5 36. Qd2 Ke7 37. Qxa5 Qd6 38. a4 Ne5 39. Be2 Nc6 40.
Qa6 Qd5 41. Qb7+ Kf6 42. Kg1 Qd6 43. Bh5 Nd8 44. Qa7 e5 45. a5 e4 46. Qa8 Ke5
47. a6 Nc6 48. a7 e3 49. Qe8+ Ne7 50. Qb8 exf2+ 51. Kxf2 1-0

[Event "2BLW 2122 SK Münster - SF Neuberg"]
[Site "?"]
[Date "2022.06.19"]
[Round "8.4"]
[White "Schmitzer, Klaus"]
[Black "Wahedi, Ahmad Siar"]
[Result "1/2-1/2"]
[WhiteElo "2276"]
[BlackElo "2280"]
[PlyCount "82"]
[EventDate "2022.??.??"]

1. e4 e6 2. d4 d5 3. Nd2 c5 4. exd5 Qxd5 5. Ngf3 cxd4 6. Bc4 Qd6 7. Qe2 Nf6 8.
Nb3 Nc6 9. Bg5 a6 10. O-O-O b5 11. Bd3 Be7 12. Nbxd4 Nxd4 13. Nxd4 Qd5 14. Bxf6
Bxf6 15. Nb3 Bb7 16. f3 Qe5 17. Qxe5 Bxe5 18. Nc5 Bd5 19. Be4 Rc8 20. Bxd5 Rxc5
21. Be4 Ke7 22. g3 g5 23. Kb1 h5 24. c3 h4 25. g4 h3 26. Rd2 Bf4 27. Rd4 Rd8
28. Rxd8 Kxd8 29. Bd3 Rd5 30. Kc2 Kc7 31. Rd1 a5 32. c4 Rc5 33. b3 b4 34. Re1
Rc6 35. Bf1 e5 36. Re2 Rh6 37. Kd3 Kd6 38. Ke4 Kc5 39. Rc2 Rd6 40. Bxh3 Rd4+
41. Kf5 Rd3 1/2-1/2

[Event "2BLW 2122 SK Münster - SF Neuberg"]
[Site "?"]
[Date "2022.06.19"]
[Round "8.6"]
[White "Wilde, Pierre"]
[Black "Schaffer, Hendrik"]
[Result "1/2-1/2"]
[WhiteElo "2262"]
[BlackElo "2246"]
[PlyCount "105"]
[EventDate "2022.??.??"]

1. d4 Nf6 2. c4 g6 3. Nc3 Bg7 4. e4 d6 5. f3 O-O 6. Bg5 Na6 7. Qd2 c6 8. Bd3
Nc7 9. Nge2 Bd7 10. O-O b5 11. Rac1 Rb8 12. cxb5 Nxb5 13. Nd1 Qb6 14. Be3 Ne8
15. d5 Qb7 16. Bc4 Nbc7 17. dxc6 Bxc6 18. Qa5 a6 19. Nd4 Bb5 20. Bxb5 axb5 21.
Nc6 Ra8 22. Nxe7+ Kh8 23. Qb6 Qxb6 24. Bxb6 Ne6 25. a3 Nf6 26. Be3 Rfe8 27. Nc6
d5 28. e5 Nd7 29. f4 f6 30. exf6 Bxf6 31. Nb4 d4 32. Bd2 Nec5 33. Nd5 Nb3 34.
Rc7 Nxd2 35. Rxd7 Bg7 36. Nc7 Nxf1 37. Nxe8 Rxe8 38. Kxf1 b4 39. axb4 Kg8 40.
b5 Rb8 41. Ke2 Rxb5 42. Kd3 g5 43. fxg5 Rxg5 44. g3 Rh5 45. h4 Rf5 46. b4 Rf3+
47. Ke4 Rxg3 48. Nf2 Re3+ 49. Kd5 Rb3 50. Kc4 Rc3+ 51. Kd5 Rb3 52. Kc4 Rc3+ 53.
Kd5 1/2-1/2